| 000 | 01399nam a2200301 a 4500 | ||
|---|---|---|---|
| 001 | ebr10040957 | ||
| 003 | CaPaEBR | ||
| 006 | m u | ||
| 007 | cr cn||||||||| | ||
| 008 | 990701s1999 dcu s 000 0 eng d | ||
| 010 | _z 99062272 | ||
| 020 | _z0309064856 | ||
| 040 |
_aCaPaEBR _cCaPaEBR |
||
| 035 | _a(OCoLC)42855220 | ||
| 050 | 1 | 4 |
_aUB212 _b.R43 1999eb |
| 082 | 0 | 4 |
_a355.3/432/0973 _221 |
| 245 | 0 | 0 |
_aRealizing the potential of C4I _h[electronic resource] : _bfundamental challenges / _cCommittee to Review DOD C4I Plans and Programs; Computer Science and Telecommunications Board; Commission on Physical Sciences, Mathematics, and Applications; National Research Council. |
| 260 |
_aWashington, D.C. : _bNational Academy Press, _c1999. |
||
| 300 | _axviii, 278 p. | ||
| 533 |
_aElectronic reproduction. _bPalo Alto, Calif. : _cebrary, _d2013. _nAvailable via World Wide Web. _nAccess may be limited to ebrary affiliated libraries. |
||
| 650 | 0 |
_aCommand and control systems _zUnited States. |
|
| 650 | 0 |
_aMilitary intelligence _zUnited States. |
|
| 651 | 0 |
_aUnited States _xArmed Forces _xCommunication systems. |
|
| 651 | 0 |
_aUnited States _xArmed Forces _xData processing. |
|
| 655 | 7 |
_aElectronic books. _2local |
|
| 710 | 2 | _aebrary, Inc. | |
| 856 | 4 | 0 |
_uhttp://site.ebrary.com/lib/rucke/Doc?id=10040957 _zAn electronic book accessible through the World Wide Web; click to view |
| 999 |
_c60596 _d60596 |
||